000 01023nam a2200289 i 4500
003 OSt
005 20210818181451.0
008 161005s2005 ck a br 000 j spa d
020 _a9789583019197
040 _bspa
_aCOMFC
_erda
041 _aspa
100 1 _949030
_aLópez de Mesa Oses, Diana
_eaut
245 1 _aAquiles
_bel héroe de la Guerra de Troya. Mito Griego
_cDiana López de Mesa Oses ; ilustraciones Yody Castro
264 _aBogotá
_bPanamericana Editorial
_c2005
300 _a32 página
_bilustraciones
_c20 cm
336 _2rdacontent
_atxt
337 _2rdamedia
_an
338 _2rdacarrier
_anc
490 _aMitos para niños
700 1 _949047
_aCastro, Yody
_eill
082 0 4 _a863
_bL864aq
650 0 _950358
_aCuentos Infantiles Colombianos
650 0 _939337
_aMitologia Griega
_xCuentos Infantiles
650 0 _939337
_aMitologia Griega
_xAdaptaciones Infantiles
650 0 _912071
_aDioses
_xLiteratura Infantil
942 _2ddc
_h863 L864aq
_k863
_mL864aq
999 _c10648
_d10648